AH International Schools' Libraries

200 student meals / (Record no. 48864)

MARC details
000 -LEADER
fixed length control field 00362nam a2200133 4500
020 ## - INTERNATIONAL STANDARD BOOK NUMBER
International Standard Book Number 9780600633402
100 ## - MAIN ENTRY--PERSONAL NAME
Personal name Lewis, Sara.
9 (RLIN) 83578
245 ## - TITLE STATEMENT
Title 200 student meals /
Statement of responsibility, etc Sara Lewis.
260 ## - PUBLICATION, DISTRIBUTION, ETC. (IMPRINT)
Place of publication, distribution, etc London:
Name of publisher, distributor, etc Hamlyn;
Date of publication, distribution, etc 2016.
300 ## - PHYSICAL DESCRIPTION
Extent 240 p.
Other physical details col. ill.
Dimensions 16 cm.
490 ## - SERIES STATEMENT
Series statement Hamlyn all colour cookbook;
650 ## - SUBJECT ADDED ENTRY--TOPICAL TERM
Topical term or geographic name as entry element Cookbooks.
9 (RLIN) 85575
942 ## - ADDED ENTRY ELEMENTS (KOHA)
Source of classification or shelving scheme
Koha item type NON FIC SECTION
Holdings
Withdrawn status Lost status Source of classification or shelving scheme Damaged status Not for loan Collection code Home library Current library Shelving location Date acquired Total Checkouts Total Renewals Full call number Barcode Checked out Date last seen Date checked out Price effective from Koha item type
          Non-Fiction Asian Hope Secondary Library Asian Hope Secondary Library SECONDARY 04/23/2025 5 1 641.5 LEW 208337 03/16/2026 12/16/2025 12/16/2025 04/23/2025 NON FIC SECTION

For any Logos Library related questions please contact Miss Art at swongnarasuk@asianhope.org.

For any Asian Hope Library related questions please contact Miss Raza at graza@asianhope.org.

Powered by Koha